Central Library OPAC University of Rajshahi

British India's relations with the Kingdom of Nepal, 1857-1947: (Record no. 41934)

MARC details
000 -LEADER
fixed length control field 00970nam a2200277 a 4500
001 - CONTROL NUMBER
control field 41934
003 - CONTROL NUMBER IDENTIFIER
rucl marc code BD-RjUL
005 - DATE AND TIME OF LATEST TRANSACTION
control field 20211209053454.0
008 - FIXED-LENGTH DATA ELEMENTS--GENERAL INFORMATION
fixed length control field 160607s1970 enkb b 001 0 eng
020 ## - INTERNATIONAL STANDARD BOOK NUMBER
International Standard Book Number 0049540149
035 ## - SYSTEM CONTROL NUMBER
System control number (BD-RjUL)42052
040 ## - CATALOGING SOURCE
Original cataloging agency DLC
Transcribing agency DLC
Modifying agency BD-RjUL
Language of cataloging eng
041 ## - LANGUAGE CODE
Language code of text/sound track or separate title eng
082 00 - DEWEY DECIMAL CLASSIFICATION NUMBER
Classification number 327.5405496
Edition number 23
Author mark and year HUB 1970
100 1# - MAIN ENTRY--PERSONAL NAME
Personal name Husain, Asad
9 (RLIN) 128880
245 10 - TITLE STATEMENT
Title British India's relations with the Kingdom of Nepal, 1857-1947:
Remainder of title a diplomatic history of Nepal /
Statement of responsibility, etc. Asad Husain
260 ## - PUBLICATION, DISTRIBUTION, ETC. (IMPRINT)
Place of publication, distribution, etc. London,
Name of publisher, distributor, etc. Allen and Unwin;
Date of publication, distribution, etc. 1970.
300 ## - PHYSICAL DESCRIPTION
Pagination 408 p.
Illustrations maps.
Size 23 cm.
500 ## - GENERAL NOTE
General note "Ph.D. dissertation submitted to the University of Minnesota Department of International Relations."
504 ## - BIBLIOGRAPHY, ETC. NOTE
Bibliography, etc Bibliography: p. 317-334.
651 #0 - SUBJECT ADDED ENTRY--GEOGRAPHIC NAME
Geographic name Nepal
General subdivision Foreign relations
Geographic subdivision India.
9 (RLIN) 128881
Geographic name India
General subdivision Foreign relations
Geographic subdivision Nepal.
9 (RLIN) 128882
Geographic name Great Britain
General subdivision Foreign relations.
9 (RLIN) 128883
942 ## - ADDED ENTRY ELEMENTS (KOHA)
Source of classification or shelving scheme Dewey Decimal Classification
Koha item type Books
Holdings
Lost status Source of classification or shelving scheme Damaged status Not for loan Collection code Permanent Location Current Location Shelving location Date acquired Source of acquisition Cost, normal purchase price Total Checkouts Full call number Date last seen Copy number Koha item type
  Dewey Decimal Classification     Non-fiction Central Library, University of Rajshahi Central Library, University of Rajshahi   03/08/1972 Book centre 44.00   327.5405496 HUB 1970 07/06/2016 C-2 Books